000
00275nam a2200133Ia 4500
001
14296
003
GE_BSU
008
181216s||||||||xx |||||||||||||| ||und||
040
_c
GE_BSU
080
_a
821.111-312.4
100
_a
Connelly,Michael
245
4
_a
The Poet
942
_c
BK
999
_c
47434
_d
47434